Countries that have Controlled Cairo - Statistics

General Stats
  • This quiz has been taken 46 times
  • The average score is 12 of 34
Answer Stats
Year Country % Correct
1922 - Now Egypt
97%
273 - 554 Roman Empire
88%
30BC - 260 Roman Republic
88%
1517 - 1867 Ottoman Empire
85%
554 - 620 Byzantine Empire
61%
630 - 640 Byzantine Empire
61%
1250 - 1517 Mamluk Sultanate
55%
1914 - 1922 British Empire
48%
750 - 868 Abbasid Caliphate
45%
905 - 935 Abbasid Caliphate
45%
661 - 750 Umayyad Caliphate
45%
525BC - 480BC Achaemenid Empire
42%
341BC - 333BC Achaemenid Empire
42%
330BC - 324BC Macedonia
36%
969 - 1171 Fatimid Caliphate
33%
3500BC - 3000BC Lower Egypt
27%
640 - 661 Rashidun Caliphate
27%
3000BC - 2685BC Ancient Egypt (Early Dynastic Period)
21%
2181BC - 2055BC Ancient Egypt (First Intermediate Period)
21%
656BC - 525BC Ancient Egypt (Late Period)
21%
480BC - 341BC Ancient Egypt (Late Period)
21%
2055BC - 1674BC Ancient Egypt (Middle Kingdom)
21%
1550BC - 1070BC Ancient Egypt (New Kingdom)
21%
2685BC - 2181BC Ancient Egypt (Old Kingdom)
21%
305BC - 30BC Ancient Egypt (Ptolemaic Kingdom)
21%
1674BC - 1550BC Ancient Egypt (Second Intermediate Period)
21%
1070BC - 667BC Ancient Egypt (Third Intermediate Period)
21%
667BC - 656BC Assyria
18%
260 - 273 Palmyrene Empire
12%
1171 - 1250 Ayyubid Sultanate
6%
620 - 630 Sasanian Empire
6%
935 - 969 Ikhshidid Dynasty
0%
1867 - 1914 Khedwate of Egypt
0%
868 - 905 Tulunids
0%
No matching quizzes found
Score Distribution
Percent of People with Each Score
Percentile by Number Answered
Your Score History
You have not taken this quiz